| LEADER | 03284nam a2200397 4500 | ||
|---|---|---|---|
| 082 | |a 809 |b V144h | ||
| 100 | |a Đức Ninh | ||
| 245 | |a Văn học các nước Đông Nam Á |c Đức Ninh chủ biên, Đỗ Thu Hà, Trần Thúc Việt, Võ Đình Hường | ||
| 260 | |a H. |b Đại học Quốc gia |c 1999 | ||
| 300 | |a 306 tr. |c 20 cm | ||
| 520 | |a v.v... | ||
| 653 | |a Văn học | ||
| 653 | |a Inđônêxia | ||
| 653 | |a Campuchia | ||
| 653 | |a Lào | ||
| 653 | |a Philippin | ||
| 942 | |2 ddc |c STK0 | ||
| 999 | |c 2659 |d 2659 | ||
| 952 | |0 0 |1 0 |2 ddc |4 0 |6 809_000000000000000_V144H |7 1 |8 800 |9 32827 |a qbu |b qbu |c D5 |d 2014-12-14 |g 23000 |o 809 V144h |p 3577.c1 |r 0000-00-00 |w 2014-12-14 |y STK0 | ||
| 952 | |0 0 |1 0 |2 ddc |4 0 |6 809_000000000000000_V144H |7 0 |8 800 |9 32828 |a qbu |b qbu |c D5 |d 2014-12-14 |g 23000 |o 809 V144h |p 3577.c2 |r 0000-00-00 |w 2014-12-14 |y STK0 | ||
| 952 | |0 0 |1 0 |2 ddc |4 0 |6 809_000000000000000_V144H |7 0 |8 800 |9 32829 |a qbu |b qbu |c D5 |d 2014-12-14 |g 23000 |o 809 V144h |p 3577.c3 |r 0000-00-00 |w 2014-12-14 |y STK0 | ||
| 952 | |0 0 |1 0 |2 ddc |4 0 |6 809_000000000000000_V144H |7 0 |8 800 |9 32830 |a qbu |b qbu |c D5 |d 2014-12-14 |g 23000 |o 809 V144h |p 3577.c4 |r 0000-00-00 |w 2014-12-14 |y STK0 | ||
| 952 | |0 0 |1 0 |2 ddc |4 0 |6 809_000000000000000_V144H |7 0 |8 800 |9 32831 |a qbu |b qbu |c D5 |d 2014-12-14 |g 23000 |o 809 V144h |p 3577.c5 |r 0000-00-00 |w 2014-12-14 |y STK0 | ||
| 952 | |0 0 |1 0 |2 ddc |4 0 |6 809_000000000000000_V144H |7 0 |8 800 |9 32832 |a qbu |b qbu |c D5 |d 2014-12-14 |g 23000 |o 809 V144h |p 3577.c6 |r 0000-00-00 |w 2014-12-14 |y STK0 | ||
| 952 | |0 0 |1 0 |2 ddc |4 0 |6 809_000000000000000_V144H |7 0 |8 800 |9 32833 |a qbu |b qbu |c D5 |d 2014-12-14 |g 23000 |o 809 V144h |p 3577.c7 |r 0000-00-00 |w 2014-12-14 |y STK0 | ||
| 952 | |0 0 |1 0 |2 ddc |4 0 |6 809_000000000000000_V144H |7 0 |8 800 |9 32834 |a qbu |b qbu |c D5 |d 2014-12-14 |g 23000 |o 809 V144h |p 3577.c8 |r 0000-00-00 |w 2014-12-14 |y STK0 | ||
| 952 | |0 0 |1 0 |2 ddc |4 0 |6 809_000000000000000_V144H |7 0 |8 800 |9 32835 |a qbu |b qbu |c D5 |d 2014-12-14 |g 23000 |o 809 V144h |p 3577.c9 |r 0000-00-00 |w 2014-12-14 |y STK0 | ||
| 952 | |0 0 |1 0 |2 ddc |4 0 |6 809_000000000000000_V144H |7 0 |8 800 |9 32836 |a qbu |b qbu |c D5 |d 2014-12-14 |g 23000 |o 809 V144h |p 3577.c10 |r 0000-00-00 |w 2014-12-14 |y STK0 | ||
| 952 | |0 0 |1 0 |2 ddc |4 0 |6 809_000000000000000_V144H |7 0 |8 800 |9 32837 |a qbu |b qbu |c D5 |d 2014-12-14 |g 23000 |o 809 V144h |p 3577.c11 |r 0000-00-00 |w 2014-12-14 |y STK0 | ||
| 952 | |0 0 |1 0 |2 ddc |4 0 |6 809_000000000000000_V144H |7 0 |8 800 |9 32838 |a qbu |b qbu |c D5 |d 2014-12-14 |g 23000 |o 809 V144h |p 3577.c12 |r 0000-00-00 |w 2014-12-14 |y STK0 | ||
| 952 | |0 0 |1 0 |2 ddc |4 0 |6 809_000000000000000_V144H |7 0 |8 800 |9 32839 |a qbu |b qbu |c D5 |d 2014-12-14 |g 23000 |o 809 V144h |p 3577.c13 |r 0000-00-00 |w 2014-12-14 |y STK0 | ||
| 952 | |0 0 |1 0 |2 ddc |4 0 |6 809_000000000000000_V144H |7 0 |8 800 |9 32840 |a qbu |b qbu |c D5 |d 2014-12-14 |g 23000 |o 809 V144h |p 3577.c14 |r 0000-00-00 |w 2014-12-14 |y STK0 | ||
| 952 | |0 0 |1 0 |2 ddc |4 0 |6 809_000000000000000_V144H |7 0 |8 800 |9 32841 |a qbu |b qbu |c D5 |d 2014-12-14 |g 23000 |o 809 V144h |p 3577.c15 |r 0000-00-00 |w 2014-12-14 |y STK0 | ||
| 952 | |0 0 |1 0 |2 ddc |4 0 |6 809_000000000000000_V144H |7 0 |8 800 |9 32842 |a qbu |b qbu |c D5 |d 2014-12-14 |g 23000 |o 809 V144h |p 3577.c16 |r 0000-00-00 |w 2014-12-14 |y STK0 | ||
| 952 | |0 0 |1 0 |2 ddc |4 0 |6 809_000000000000000_V144H |7 0 |8 800 |9 32843 |a qbu |b qbu |c D5 |d 2014-12-14 |g 23000 |o 809 V144h |p 3577.c17 |r 0000-00-00 |w 2014-12-14 |y STK0 | ||
| 952 | |0 0 |1 0 |2 ddc |4 0 |6 809_000000000000000_V144H |7 0 |8 800 |9 97804 |a qbu |b qbu |c D5 |d 2015-11-05 |g 23000 |o 809 V144h |p 3577.c18 |r 0000-00-00 |w 2015-11-05 |y STK0 | ||